000 01050nam a2200289Ia 4500
001 132
003 BD-DhEWU
005 20181127193534.0
008 110604s2002 bg 000 0 e d
035 _a(OCoLC)
040 _aBD-DhEWU
_dBD-DhEWU
_beng
_cBD-DhEWU
041 _aeng
082 0 4 _a338. 0595492
_bMEM 2002
_222
110 _aMinistry of finance and MInistry of Planning ; Economic Relations Divisions and Planning Commission,
_94965
245 1 0 _aMemorandum for Bangladesh development Forum 2002-2003 /
260 _aDhaka :
_bMinistry of Finance and Ministry of Planning ; GOB,
_cc2002.
300 _avi, 64 :
_bill ;
_c29 cm.
526 _aSociology
590 _aShaharima Parvin
651 _aBangladesh
_94966
653 1 _aEcnomics
653 1 _aEconomic development Economic conditions Economic policy Poverty
655 _aPeriodicals
_917644
856 4 2 _3WorldCat details
_uhttp://www.worldcat.org/search?q=Memorandum+for+Bangladesh+development+Forum+2002-2003+&qt=owc_search
942 _cTEXT
_2ddc
999 _c132
_d132
999 _c132
_d132